Logo BPK

Biblioteka

Politechniki Koszalińskiej

Creative grammar practice : (Rekord nr 48087)

Szczegóły MARC
000 -ETYKIETA REKORDU
podpole kontrolne o stałej długości 01032nam a2200277 i 4500
001 - NUMER KONTROLNY REKORDU
pole kontrolne bgj
020 ## - MIĘDZYNARODOWY ZNORMALIZOWANY NUMER KSIĄŻKI - ISBN
ISBN 0582089573 (pbk)
040 ## - ŹRÓDŁO KATALOGOWANIA
Instytucja, która utworzyła rekord BPK
041 0# - KOD JĘZYKA
Kod języka tekstu eng
920 ## - Międzynarodowy znormalizowany numer książki – ISBN
ISBN 0-582-08957-3 (pbk)
008 - POLE O STAŁEJ DŁUGOŚCI - DANE KONTROLNE
podpole kontrolne o stałej długości s uk f |000 0 eng
100 1# - NAZWA OSOBOWA
Nazwa osobowa GERNGROSS, Gunter
245 10 - TYTUŁ/ODPOWIEDZIALNOŚĆ
Tytuł Creative grammar practice :
Ciąg dalszy tytułu getting learners to use both sides of the brain /
Pozostałe elementy strefy tytułu i oznaczenia odpowiedzialności Gunter Gerngross and Herbert Puchta.
250 ## - STREFA WYDANIA
Oznaczenie wydania [4th impr.].
260 ## - STREFA ADRESU WYDAWNICZEGO
Miejsce wydania Harlow, Essex :
Nazwa wydawcy/dystrybutora Longman,
Data publikacji, dystrybucji/powstania dokumentu 1995.
300 ## - STREFA OPISU FIZYCZNEGO
Objętość VIII, 133 pp :
Inne cechy fizyczne fig. ;
Rozmiary 25 cm.
490 1# - STREFA SERII I DOKUMENTU WIELOCZĘŚCIOWEGO - FORMA NIE DO WYSZUKIWANIA
Tytuł i oznaczenie odpowiedzialności serii Pilgrims Longman resource books / [ed. by] Seth Lindstromberg
500 ## - UWAGI OGÓLNE
Tekst uwagi This book is produced in assoc. with Pilgrims Language Courses Limited of Canterbury, England.
500 ## - UWAGI OGÓLNE
Tekst uwagi 1st publ. 1992.
504 ## - UWAGA DOTYCZĄCA BIBLIOGRAFII
Informacje o bibliografii Bibliography p. 133.
650 #9 - HASŁO PRZEDMIOTOWE W FORMIE NAZWY OGÓLNEJ LUB JEDNOSTKOWEJ
Nazwa ogólna lub geograficzna English language
Określnik ogólny Grammar
-- Study and teaching
650 #9 - HASŁO PRZEDMIOTOWE W FORMIE NAZWY OGÓLNEJ LUB JEDNOSTKOWEJ
Nazwa ogólna lub geograficzna Activity programmes in education
Określnik ogólny Grammar
700 1# - HASŁO DODATKOWE - NAZWA OSOBOWA
Nazwa osobowa PUCHTA, Herbert
830 #0 - HASŁO DODATKOWE SERII LUB DOKUMENTU WIELOCZĘŚCIOWEGO - TYTUŁ UJEDNOLICONY
Tytuł ujednolicony Pilgrims Longman resource books ([ed. by] Seth Lindstromberg)
856 ## - LOKALIZACJA I DOSTĘP DO ELEKTRONICZNYCH DOKUMENTÓW ZDALNYCH
Link (URL) http://koha.tu.koszalin.pl/cgi-bin/koha/opac-detail.pl?biblionumber=48087
Tekst linku Katalog online BPK
942 ## - DODATKOWE ELEMENTY (KOHA)
Typ dokumentu Książka
Egzemplarze
Wycofany Status egzemplarza Uszkodzony Dostępność Lokalizacja stała Lokalizacja bieżąca Miejsce przechowywania Sygnatura Kod kreskowy Typ dokumentu
      Dostępny Biblioteka Politechniki Koszalińskiej Biblioteka Politechniki Koszalińskiej Wypożyczalnia Językowa KA 5112 09003705 Książka
      Tylko na miejscu Biblioteka Politechniki Koszalińskiej Biblioteka Politechniki Koszalińskiej Czytelnia Wydziałowa ul. Kwiatkowskiego 6e KA 5113 09003750 Książka
© 2023 Biblioteka Politechniki Koszalińskiej :: KOHA